|
|
|
|
| LEADER |
00000nam a2200000 a 4500 |
| 001 |
vtls001482986 |
| 003 |
SK-MaSNL |
| 005 |
20260301145058.0 |
| 008 |
251113s2002 xo a 0 slo |
| 015 |
|
|
|a SNBA2004/10-05703
|
| 020 |
|
|
|a 8071143545
|
| 035 |
|
|
|a SNK000438282
|
| 040 |
|
|
|a SNK
|b slo
|c SNK
|e AACR2
|
| 041 |
0 |
|
|a slo
|
| 043 |
|
|
|a e-fr---
|
| 044 |
|
|
|a xo
|c SK
|
| 072 |
|
7 |
|a 929
|2 konspekt
|
| 072 |
|
7 |
|a 821-93
|2 konspekt
|
| 080 |
|
|
|a 27-36
|2 2. slo
|
| 080 |
|
|
|a 929 Luisa de Marillac
|2 2. slo
|
| 080 |
|
|
|a 27-36-055.2
|2 1981
|
| 080 |
|
|
|a (44)
|2 1981
|
| 080 |
|
|
|a (0:82-322.6)
|2 1981
|
| 080 |
|
|
|a 821-93
|2 1981
|
| 100 |
1 |
|
|a Roux, Marie Geneviéve
|4 aut
|9 504335
|
| 240 |
1 |
0 |
|a Sainte Louise de Marillac
|l Slovensky
|
| 245 |
1 |
0 |
|a Lujza
|b životný príbeh svätej Lujzy de Marillac
|c Marie Geneviéve, Elisabeth Charpyová, Augusta Curreliová ; [z francúzskeho originálu preložil Maroš Sagan]
|
| 250 |
|
|
|a 1. vyd.
|
| 260 |
|
|
|a Bratislava
|b Lúč
|c 2002
|
| 300 |
|
|
|a 68 s.
|b fareb. ilustr.
|c 19 cm
|
| 490 |
1 |
|
|a Deťom
|v 37
|
| 600 |
0 |
7 |
|a Luisa de Marillac,
|c sv
|2 SNK
|9 69790
|
| 650 |
0 |
7 |
|a svätice
|2 SNK
|9 75500
|
| 650 |
0 |
7 |
|a biografia
|2 konspekt
|9 71085
|
| 650 |
0 |
7 |
|a literatúra pre deti a mládež
|2 konspekt
|9 21893
|
| 655 |
|
7 |
|a biografie
|2 SNK
|9 27965
|
| 655 |
|
7 |
|a biografické príbehy
|2 SNK
|9 70709
|
| 655 |
|
7 |
|a publikácie pre deti
|2 SNK
|9 70148
|
| 700 |
1 |
|
|a Charpy, Elisabeth
|4 aut
|9 495504
|
| 700 |
1 |
|
|a Curreli, Augusta
|4 ill
|9 504336
|
| 730 |
|
|
|a Sainte Louise de Marillac
|9 504337
|
| 830 |
|
0 |
|a Deťom
|9 312506
|
| 919 |
|
|
|a 80-7114-354-5
|
| 958 |
|
|
|a OP
|
| 958 |
|
|
|a NS
|
| 958 |
|
|
|a NT
|
| 968 |
|
|
|b FR
|d 2
|
| 999 |
|
|
|c 779021
|d 780951
|
| 952 |
|
|
|t P60, <03>, [BOOK], {603}
|a SNK
|b SNK
|y PREZ
|7 0
|p 17A0444927
|o snkSD 74227
|i snkKSP 12971/2004
|0 0
|1 0
|4 0
|d 2004-10-06
|l 0
|r 2025-11-21 00:00:00
|w 2026-02-24
|
| 952 |
|
|
|t P60, <04>, [BOOK], {604}
|a SNK
|b SNK
|y VYP
|7 0
|p 17A0444926
|o snkSD 74227 D1
|i snkKSP 12972/2004
|0 0
|1 0
|4 0
|d 2004-10-06
|l 0
|r 2005-01-02 00:00:00
|w 2026-02-24
|